Bizcocho sale a pasear / (Record no. 10515)
[ view plain ]
| 000 -LEADER | |
|---|---|
| fixed length control field | 00758 a2200241 4500 |
| 001 - CONTROL NUMBER | |
| control field | sjds |
| 003 - CONTROL NUMBER IDENTIFIER | |
| control field | sjds |
| 005 - DATE AND TIME OF LATEST TRANSACTION | |
| control field | 20240227195018.0 |
| 008 - FIXED-LENGTH DATA ELEMENTS--GENERAL INFORMATION | |
| fixed length control field | 240227b |||||||| |||| 00| 0 spa d |
| 020 ## - INTERNATIONAL STANDARD BOOK NUMBER | |
| International Standard Book Number | 9780545403887 (pbk.) |
| 020 ## - INTERNATIONAL STANDARD BOOK NUMBER | |
| International Standard Book Number | 054540388X (pbk.) |
| 040 ## - CATALOGING SOURCE | |
| Transcribing agency | sjds |
| 041 ## - LANGUAGE CODE | |
| Language code of text/sound track or separate title | spa |
| 100 10 - MAIN ENTRY--PERSONAL NAME | |
| Personal name | Capucilli, Alyssa Satin |
| 245 10 - TITLE STATEMENT | |
| Title | Bizcocho sale a pasear / |
| Statement of responsibility, etc. | historia de Alyssa Satin Capucilli ; dibujos de Pat Schories ; [translated by Madelca Dominguez]. |
| 260 ## - PUBLICATION, DISTRIBUTION, ETC. (IMPRINT) | |
| Place of publication, distribution, etc. | New York : |
| Name of publisher, distributor, etc. | Scholastic, |
| Date of publication, distribution, etc. | c2012. |
| 300 ## - PHYSICAL DESCRIPTION | |
| Extent | 24 pages : |
| Other physical details | color illustrations ; |
| Dimensions | 24 cm. |
| 440 ## - SERIES STATEMENT/ADDED ENTRY--TITLE | |
| Title | Yo se leer! |
| 500 ## - GENERAL NOTE | |
| General note | Originally published in English as Biscuit takes a walk. |
| 700 10 - ADDED ENTRY--PERSONAL NAME | |
| Personal name | Schories, Pat |
| 700 10 - ADDED ENTRY--PERSONAL NAME | |
| Personal name | Dominguez, Madelca |
| 942 ## - ADDED ENTRY ELEMENTS (KOHA) | |
| Koha item type | Libro/Book |
| Withdrawn status | Lost status | Damaged status | Not for loan | Home library | Current library | Date acquired | Total Checkouts | Barcode | Date last seen | Date checked out | Price effective from | Koha item type |
|---|---|---|---|---|---|---|---|---|---|---|---|---|
| Las Brisas 2 -- Satellite | Las Brisas 2 -- Satellite | 14/05/2019 | 40101552 | 14/05/2019 | 14/05/2019 | Libro/Book | ||||||
| Monte Cristo -- Satellite | Monte Cristo -- Satellite | 06/06/2019 | 40201561 | 06/06/2019 | 06/06/2019 | Libro/Book | ||||||
| San Juan Del Sur -- Biblioteca | San Juan Del Sur -- Biblioteca | 12/06/2014 | 5 | 30005204 | 04/05/2017 | 29/09/2015 | 12/06/2014 | Libro/Book | ||||
| San Juan Del Sur -- Biblioteca | San Juan Del Sur -- Biblioteca | 17/01/2015 | 4 | 30006555 | 14/11/2015 | 13/11/2015 | 17/01/2015 | Libro/Book |